Selekcjonerzy reprezentacji Polski w piłce nożnej w XXI wieku - Statystyki

Ogólne statystyki
  • Ten quiz został rozwiązany 399 razy
  • Średni wynik to 11 z 13
Statystyki odpowiedzi
Obrazkowy Hint Odpowiedź % Poprawnych
07.07.2002–03.12.2002 Zbigniew Boniek
98%
01.11.2013–31.07.2018 Adam Nawałka
96%
31.01.2022–31.12.2022 Czesław Michniewicz
93%
20.09.2023–12.06.2025 Michał Probierz
93%
21.01.2021–29.12.2021 Paulo Sousa
93%
01.08.2018–18.01.2021 Jerzy Brzęczek
91%
29.10.2009–01.07.2012 Franciszek Smuda
90%
24.01.2023–13.09.2023 Fernando Santos
88%
11.07.2006–17.09.2009 Leo Beenhakker
80%
01.01.2000–21.06.2002 Jerzy Engel
78%
10.07.2012–16.10.2013 Waldemar Fornalik
76%
20.12.2002–10.07.2006 Paweł Janas
70%
17.09.2009–29.10.2009 Stefan Majewski
52%
Nie znaleziono quizów pasujących do podanych kryteriów
Rozkład punktacji
Procent ludzi z każdym wynikiem
Percentyl według liczby udzielonych odpowiedzi
Twoja historia wyników
Nie rozwiązałeś tego quizu